Miguel Sansón : (Record no. 194580)
[ view plain ]
| 000 -LEADER | |
|---|---|
| campo de control de longitud fija | 01233nam a2200313 i 4500 |
| 001 - NÚMERO DE CONTROL | |
| campo de control | 194580 |
| 003 - IDENTIFICADOR DE NÚMERO DE CONTROL | |
| campo de control | SpMaBN |
| 005 - FECHA Y HORA DE LA ÚLTIMA TRANSACCIÓN | |
| campo de control | 20260216183914.0 |
| 008 - DATOS DE LONGITUD FIJA--INFORMACIÓN GENERAL | |
| campo de control de longitud fija | 241001s2023 sp | |||| 000 0 spa |
| 017 ## - NÚMERO DE COPYRIGHT O DE DEPÓSITO LEGAL | |
| Número de copyright o de depósito legal | CC 0096-2022 |
| Agencia que asigna | Oficina Depósito Legal Cáceres |
| 020 ## - NÚMERO INTERNACIONAL ESTÁNDAR DEL LIBRO | |
| Número Internacional Estándar del Libro | 9788412512571 |
| 040 ## - FUENTE DE CATALOGACIÓN | |
| Centro catalogador/agencia de origen | SpMaBN |
| Lengua de catalogación | spa |
| Centro/agencia transcriptor | SpMaBN |
| Normas de descripción | rda |
| Centro/agencia modificador | ES-MaACL |
| 100 1# - ENTRADA PRINCIPAL--NOMBRE DE PERSONA | |
| Nombre de persona | Ramos Rubio, José Antonio, |
| Fechas asociadas al nombre | 1963- |
| Término indicativo de función/relación | Autor |
| 9 (RLIN) | 174430 |
| 245 1# - MENCIÓN DEL TÍTULO | |
| Título | Miguel Sansón : |
| Resto del título | reflexiones de un artista / |
| Mención de responsabilidad, etc. | José Antonio Ramos Rubio, Rosa Perales Piqueres. |
| 260 ## - PUBLICACIÓN, DISTRIBUCIÓN, ETC. | |
| Lugar de publicación, distribución, etc. | Cáceres : |
| Nombre del editor, distribuidor, etc. | Tau Editores, |
| Fecha de publicación, distribución, etc. | 2022 |
| 300 ## - DESCRIPCIÓN FÍSICA | |
| Extensión | 120 páginas ; |
| Dimensiones | 23 cm |
| 336 ## - TIPO DE CONTENIDO | |
| Término de tipo de contenido | Texto |
| Fuente | rdacontent |
| 337 ## - TIPO DE MEDIO | |
| Nombre/término del tipo de medio | sin mediación |
| Fuente | rdamedia |
| 338 ## - TIPO DE SOPORTE | |
| Nombre/término del tipo de soporte | volumen |
| Fuente | rdacarrier |
| 600 17 - PUNTO DE ACCESO ADICIONAL DE MATERIA--NOMBRE DE PERSONA | |
| Fuente del encabezamiento o término | embne |
| 9 (RLIN) | 238996 |
| Nombre de persona | Sansón, Miguel, |
| Fechas asociadas al nombre | 1961- |
| 655 #0 - TERMINO DE INDIZACIÓN--GENERO/FORMA | |
| Datos o término principal de género/forma | Biografías |
| 9 (RLIN) | 176647 |
| 700 ## - ENTRADA AGREGADA--NOMBRE PERSONAL | |
| Nombre de persona | Perales Piqueres, Rosa |
| Término indicativo de función/relación | Autor |
| 9 (RLIN) | 238707 |
| 852 ## - LOCALIZACIÓN | |
| Ubicación | ES-MaACL |
| Ubicación en estantería | Depósito J |
| Número de control de estantería | N-8678 |
| Encuadernación | Encuadernación rústica con solapas |
| Donativo/Legado | Donación: José Antonio Ramos Rubio |
| Sublocalización o colección | R.153370 |
| itemnumber | 204194 |
| 903 ## - NOMBRE PERSONAL DE DONANTE | |
| a | Ramos Rubio, José Antonio, |
| d | 1963- |
| e | Donante |
| 9 | 174430 |
| 942 ## - ELEMENTOS DE ENTRADA SECUNDARIOS (KOHA) | |
| Tipo de ítem Koha | Libro impreso |
| Suprimir en OPAC | No |
| Estatus retirado | Estado de pérdida | Fuente del sistema de clasificación o colocación | Estado de daño | No para préstamo | Biblioteca de origen | Biblioteca actual | Ubicación en estantería | Fecha de adquisición | Fuente de adquisición | Total de préstamos | Signatura topográfica completa | Código de barras | Visto por última vez | Precio de reemplazo | Tipo de ítem Koha |
|---|---|---|---|---|---|---|---|---|---|---|---|---|---|---|---|
| Clasificación decimal universal | Biblioteca del Ateneo de Madrid | Biblioteca del Ateneo de Madrid | Depósito J | 01/10/2024 | Donación | N-8678 | 101229017 | 01/10/2024 | 01/10/2024 | Libro impreso |
